MLB Teams With the Worst All-Time Records - Statistics

General Stats
  • This quiz has been taken 59 times
  • The average score is 3 of 5
Answer Stats
Wins Loses % Team % Correct
2,321 2,699 .463 Rockies
82%
2,303 2.709 .460 Marlins
76%
3.599 3,950 .477 Mariners
67%
4,127 4,717 .466 Padres
49%
4,818 5,302 .476 Rangers
49%
No matching quizzes found
Score Distribution
Percent of People with Each Score
Percentile by Number Answered
Your Score History
You have not taken this quiz